000 01122nam a2200277 4500
001 16868
003 ES-MaACL
005 20230906151419.0
007 t|
008 001116s19860000sp a ||||0| spa d
016 7 _zIBH8705207440
020 _a84-505-4173-5
040 _aIBH
_bspa
_cM-BN-DP
080 _a738(46)"19":061.43(464.1M.)"1986"
245 0 0 _aPanorama de la cerámica española contemporánea : [exposición]
_b: Museo Español de Arte Contemporáneo, Madrid, 16 de septiembre/16 de octubre de 1986.
260 _aMadrid :
_bMinisterio de Cultura, Dirección General de Bellas Artes,
_cD.L. 1986.
300 _a119 p :
_bil ;
_c28 cm.
500 _aCon motivo de la celebración en España del Congreso de la Academia Internacional de Cerámica.
650 4 _aCerámica-
_zEspaña-
_yS.XX-
_vExposiciones.
_910889
655 7 _2tgfbne
_9193628
_aCatálogos de exposiciones
710 1 _aEspaña.
_bDirección General de Bellas Artes.
_93704
710 2 _aMuseo Español de Arte Contemporáneo.
_95876
852 _aES-MaACL
_jG-2989
_bR.114029
942 _2udc
999 _c16868
_d16868